000 02731nam a2200397 i 4500
001 000036804
003 DO-SdBNP
005 20260414101256.0
007 ta
008 090716s2011 dr 001 0 spa d
020 _a9789945005028
040 _aDO-SdBNP
_bspa
_cBNPHU
_erda
041 _aspa
082 4 _a923.2
_bG984h 2011
_222
100 1 _aGutiérrez Félix, Euclides,
_d1936-
_eautor
_4aut.
_95673
245 1 0 _aHéroes y próceres dominicanos y americanos /
_cEuclides Gutiérrez Félix ; prólogo, Alejandrina Germán.
250 _acuarta edición revisada y actualizada
264 1 _aSanto Domingo, República Dominicana :
_bEditora Corripio,
_c2011.
300 _a398 páginas ;
_c23 cm.
336 _atexto
_btxt
_2rdacontent
337 _asin mediación
_bn
_2rdamedia
338 _avolumen
_bnc
_2rdacarrier
500 _aIncluye referencias bibliográficas y notas al pie de las páginas
504 _aBibliografía: páginas 379-388
505 _aPrimera parte. Héroes y próceres dominicanos. Prólogo / Alejandrina Germán, 9.-- Introducción, 21.-- Enriquillo, 23.-- Juan Pablo Duarte, 29.-- Francisco del Rosario Sánchez, 35.-- Matías Ramón Mella, 43.-- Antonio Duvergé, 53.-- José María Cabral, 59.-- Pedro Pimentel, 65.-- Gaspar Polanco, 71.-- Gregorio Luperón, 77.-- Marcos Adon, 83.-- Eusebio Manzueta, 89.-- Fernando Arturo de Meriño, 95.-- Benigno Filomeno de Rojas, 101.-- Ulises Francisco Espaillat, 107.-- José Antonio Salcedo (Pepillo), 113.-- Pedro Francisco Bonó, 119.-- Francisco Gregorio Billini, 125.-- Salomé Ureña, 131.-- Ercilia Pepín, 137.-- Rafael Fernández Domínguez, 143.-- Francisco Caamaño Deñó, 149.-- Segunda parte. Héroes y próceres americanos. Introducción, 157.-- Lautaro, 159.-- Thomas Jefferson, 165.-- Miguel Hidalgo, 171.-- Simón Bolívar, 177.-- Antonio José de Sucre, 183.-- José de San Martín, 189.-- Bernardo O`Higgins, 195.-- José María Morelos, 201.-- Toussaint Louverture, 207.-- Dessalines, 213.-- Abraham Lincoln, 219.-- Francisco Morazán, 225.--Benito Juárez, 231.-- Máximo Gómez, 237.-- Antonio Maceo, 243.--José Martí, 249.-- Augusto César Sandino, 257.-- Bibliografía, 263.
590 _aInventariado, 2022/BT
650 4 _aRevolucionarios
_zRepública Dominicana
_xBiografías
_912091
650 4 _aHéroes
_zRepública Dominicana
_xBiografías
_912092
650 4 _aJefes de estado
_zRepública Dominicana
_xBiografías
_912093
650 4 _aHéroes
_zAmérica
_xBiografías
_912094
651 4 _aRepública Dominicana
_xBiografías
_91325
651 4 _aAmérica
_xBiografías
_912095
700 1 _aGermán, Alejandrina,
_eprologuista
_4pr.
_912096
910 _aValidado. Control de calidad MFF
942 _2ddc
_cLBS1
999 _c36295
_d36295